[Event "Irena Warakomska Memorial B"]
[Site "Suwalki"]
[Date "2020.08.08"]
[Round "3"]
[White "Ciszewski, Krzysztof"]
[Black "Ryszkiewicz, Adam"]
[Result "1-0"]
[Board "1"]
[WhiteElo "1728"]
[WhiteCountry "POL"]
[WhiteFideId "21853509"]
[WhiteEloChange "15"]
[BlackElo "1941"]
[BlackCountry "POL"]
[BlackFideId "1141457"]
[BlackEloChange "-15"]

1. d4 {[%clk 1:30:57]} Nf6 {[%clk 1:30:53]} 2. c4 {[%clk 1:31:22]} g6 {[%clk
1:31:19]} 3. Nc3 {[%clk 1:31:47]} Bg7 {[%clk 1:31:46]} 4. e4 {[%clk 1:32:13]} d6
{[%clk 1:32:13]} 5. h3 {[%clk 1:32:38]} Na6 {[%clk 1:26:15]} 6. Be3 {[%clk
1:32:03]} c5 {[%clk 1:25:48]} 7. d5 {[%clk 1:31:22]} Qa5 {[%clk 1:26:06]} 8. Bd2
{[%clk 1:30:29]} Bd7 {[%clk 1:19:38]} 9. g4 {[%clk 1:20:27]} Qb6 {[%clk 1:18:29]}
10. Rb1 {[%clk 1:12:32]} O-O-O {[%clk 1:15:32]} 11. g5 {[%clk 1:08:22]} Ng8
{[%clk 1:10:00]} 12. a3 {[%clk 1:06:40]} h6 {[%clk 1:07:44]} 13. b4 {[%clk
1:05:07]} cxb4 {[%clk 1:07:05]} 14. axb4 {[%clk 1:05:31]} Bd4 {[%clk 1:07:01]}
15. c5 {[%clk 1:00:28]} dxc5 {[%clk 1:01:57]} 16. bxc5 {[%clk 1:00:53]} Qxc5
{[%clk 1:02:18]} 17. Bxa6 {[%clk 1:00:27]} Bxf2+ {[%clk 1:01:26]} 18. Kf1 {[%clk
0:59:40]} bxa6 {[%clk 1:01:45]} 19. Qe2 {[%clk 0:59:25]} Bxh3+ {[%clk 0:56:29]}
20. Nxh3 {[%clk 0:59:09]} Bd4 {[%clk 0:56:45]} 21. Qxa6+ {[%clk 0:59:25]} Kd7
{[%clk 0:57:10]} 22. Qa4+ {[%clk 0:57:15]} Kd6 {[%clk 0:56:45]} 23. Nb5+ {[%clk
0:56:53]} Ke5 {[%clk 0:57:10]} 24. Nxd4 {[%clk 0:55:50]} Qxd4 {[%clk 0:55:37]}
25. Bf4+ {[%clk 0:55:55]} Kxe4 {[%clk 0:56:02]} 26. Rb4 {[%clk 0:55:50]} Rxd5
{[%clk 0:56:14]} 27. Rxd4+ {[%clk 0:55:39]} Rxd4 {[%clk 0:56:39]} 28. Nf2+ {[%clk
0:56:01]} Kd5 {[%clk 0:57:05]} 29. Qb5+ {[%clk 0:56:26]} Ke6 {[%clk 0:57:24]} 30.
Qe5+ {[%clk 0:56:51]} 1-0

[Event "Irena Warakomska Memorial B"]
[Site "Suwalki"]
[Date "2020.08.08"]
[Round "3"]
[White "Obolonin, Filipp"]
[Black "Bancarewicz, Aleks"]
[Result "1-0"]
[Board "2"]
[WhiteElo "1880"]
[WhiteCountry "EST"]
[WhiteFideId "4505549"]
[WhiteEloChange "7"]
[BlackElo "1781"]
[BlackCountry "POL"]
[BlackFideId "21838550"]
[BlackEloChange "-7"]

1. d4 {[%clk 1:26:29]} Nf6 {[%clk 1:30:55]} 2. Nf3 {[%clk 1:26:53]} g6 {[%clk
1:31:14]} 3. g3 {[%clk 1:27:19]} Bg7 {[%clk 1:31:39]} 4. Bg2 {[%clk 1:27:39]} O-O
{[%clk 1:31:50]} 5. O-O {[%clk 1:28:04]} d6 {[%clk 1:30:40]} 6. c4 {[%clk
1:26:12]} c5 {[%clk 1:25:27]} 7. Nc3 {[%clk 1:26:16]} Nc6 {[%clk 1:25:23]} 8. e3
{[%clk 1:24:28]} Bg4 {[%clk 1:15:06]} 9. h3 {[%clk 1:24:35]} Bxf3 {[%clk
1:14:04]} 10. Bxf3 {[%clk 1:24:57]} Nd7 {[%clk 1:13:34]} 11. d5 {[%clk 1:23:31]}
Nce5 {[%clk 1:11:38]} 12. Be2 {[%clk 1:23:54]} Nb6 {[%clk 1:09:23]} 13. Qb3
{[%clk 1:23:15]} Rb8 {[%clk 0:57:36]} 14. f4 {[%clk 1:23:09]} Ned7 {[%clk
0:58:00]} 15. Bd2 {[%clk 1:23:17]} Na8 {[%clk 0:57:23]} 16. Qc2 {[%clk 1:23:08]}
Nc7 {[%clk 0:56:09]} 17. a4 {[%clk 1:17:25]} e6 {[%clk 0:49:30]} 18. dxe6 {[%clk
1:15:39]} Nxe6 {[%clk 0:49:21]} 19. Rad1 {[%clk 1:16:01]} Nc7 {[%clk 0:29:39]}
20. Bc1 {[%clk 1:14:06]} Qe7 {[%clk 0:19:49]} 21. Ne4 {[%clk 1:12:45]} Ne8 {[%clk
0:19:56]} 22. Bf3 {[%clk 1:12:44]} f5 {[%clk 0:18:57]} 23. Nc3 {[%clk 1:13:06]}
Ndf6 {[%clk 0:15:45]} 24. Rd3 {[%clk 1:13:15]} Nc7 {[%clk 0:13:57]} 25. Rfd1
{[%clk 1:12:53]} Rfd8 {[%clk 0:14:22]} 26. Re1 {[%clk 1:12:52]} Ne4 {[%clk
0:08:32]} 27. Bxe4 {[%clk 1:12:00]} fxe4 {[%clk 0:08:47]} 28. Rdd1 {[%clk
1:12:11]} Re8 {[%clk 0:09:12]} 29. Nd5 {[%clk 1:12:23]} Nxd5 {[%clk 0:08:49]} 30.
Rxd5 {[%clk 1:12:45]} Rbc8 {[%clk 0:05:17]} 31. Red1 {[%clk 1:12:44]} Rc6 {[%clk
0:05:42]} 32. Kg2 {[%clk 1:12:55]} Rb6 {[%clk 0:04:12]} 33. b3 {[%clk 1:13:19]}
Qf6 {[%clk 0:04:07]} 34. Ba3 {[%clk 1:09:55]} Re6 {[%clk 0:04:11]} 35. Rb1 {[%clk
1:09:37]} Qc3 {[%clk 0:04:24]} 36. Qxc3 {[%clk 1:09:59]} Bxc3 {[%clk 0:04:53]}
37. g4 {[%clk 1:09:43]} Kf7 {[%clk 0:04:03]} 38. Kf2 {[%clk 1:10:05]} Ke7 {[%clk
0:02:33]} 39. Ke2 {[%clk 1:40:27]} g5 {[%clk 0:30:34]} 40. Rxg5 {[%clk 1:40:33]}
Rh6 {[%clk 0:31:03]} 41. Rh5 {[%clk 1:40:12]} Rxh5 {[%clk 0:31:17]} 42. gxh5
{[%clk 1:40:36]} Kf7 {[%clk 0:08:34]} 43. Kd1 {[%clk 1:40:41]} a5 {[%clk
0:07:59]} 44. Kc2 {[%clk 1:41:03]} Bf6 {[%clk 0:08:27]} 45. Rg1 {[%clk 1:41:23]}
Rc6 {[%clk 0:08:03]} 46. Bb2 {[%clk 1:41:14]} Bxb2 {[%clk 0:06:30]} 47. Kxb2
{[%clk 1:41:37]} Rc8 {[%clk 0:04:32]} 48. Rg4 {[%clk 1:40:43]} Rg8 {[%clk
0:02:25]} 49. Kc3 {[%clk 1:41:04]} h6 {[%clk 0:01:36]} 50. Kd2 {[%clk 1:41:15]}
Re8 {[%clk 0:01:55]} 51. Ke2 {[%clk 1:39:21]} Re6 {[%clk 0:02:06]} 52. Kf2 {[%clk
1:39:17]} Rf6 {[%clk 0:00:47]} 53. Kg3 {[%clk 1:39:36]} d5 {[%clk 0:00:50]} 54.
cxd5 {[%clk 1:38:51]} Rb6 {[%clk 0:01:13]} 55. f5 {[%clk 1:38:24]} Rxb3 {[%clk
0:01:33]} 56. Kf4 {[%clk 1:38:51]} c4 {[%clk 0:00:38]} 57. Kxe4 {[%clk 1:36:05]}
c3 {[%clk 0:01:01]} 58. Rg1 {[%clk 1:36:22]} Rb4+ {[%clk 0:00:55]} 59. Kd3 {[%clk
1:35:49]} Rh4 {[%clk 0:00:35]} 60. Kxc3 {[%clk 1:36:09]} Rxh5 {[%clk 0:01:00]}
61. e4 {[%clk 1:35:42]} Rxh3+ {[%clk 0:01:23]} 62. Kd4 {[%clk 1:36:06]} Ra3
{[%clk 0:00:32]} 63. e5 {[%clk 1:34:33]} Rxa4+ {[%clk 0:00:34]} 64. Kc5 {[%clk
1:34:58]} Rb4 {[%clk 0:00:56]} 65. f6 {[%clk 1:35:22]} h5 {[%clk 0:00:50]} 66.
Rf1 {[%clk 1:35:47]} h4 {[%clk 0:01:05]} 67. e6+ {[%clk 1:36:14]} Kf8 {[%clk
0:01:27]} 68. f7 {[%clk 1:36:36]} Re4 {[%clk 0:01:45]} 69. Rg1 {[%clk 1:36:59]}
Ke7 {[%clk 0:02:04]} 70. d6+ {[%clk 1:36:31]} Kxe6 {[%clk 0:02:23]} 71. f8=Q
{[%clk 1:36:55]} b6+ {[%clk 0:02:38]} 72. Kxb6 {[%clk 1:37:17]} h3 {[%clk
0:03:02]} 73. Qe7+ {[%clk 1:37:40]} Kd5 {[%clk 0:03:29]} 74. Rd1+ {[%clk
1:37:58]} Kc4 {[%clk 0:03:54]} 75. Qxe4+ {[%clk 1:38:23]} 1-0

[Event "Irena Warakomska Memorial B"]
[Site "Suwalki"]
[Date "2020.08.08"]
[Round "3"]
[White "Wolagiewicz, Kinga"]
[Black "Widelski, Kacper"]
[Result "1-0"]
[Board "3"]
[WhiteElo "1719"]
[WhiteCountry "POL"]
[WhiteFideId "1195212"]
[WhiteEloChange "14"]
[BlackElo "1879"]
[BlackCountry "POL"]
[BlackFideId "1159950"]
[BlackEloChange "-14"]

1. e4 {[%clk 1:30:57]} c5 {[%clk 1:24:17]} 2. Nf3 {[%clk 1:31:20]} g6 {[%clk
1:23:51]} 3. d4 {[%clk 1:31:34]} cxd4 {[%clk 1:24:15]} 4. Nxd4 {[%clk 1:31:57]}
Bg7 {[%clk 1:24:40]} 5. Nc3 {[%clk 1:32:08]} Nc6 {[%clk 1:25:02]} 6. Nb3 {[%clk
1:32:24]} Nf6 {[%clk 1:24:42]} 7. Be2 {[%clk 1:31:59]} O-O {[%clk 1:24:32]} 8.
O-O {[%clk 1:31:55]} d6 {[%clk 1:22:35]} 9. Bg5 {[%clk 1:30:36]} a5 {[%clk
1:17:52]} 10. a4 {[%clk 1:27:38]} Be6 {[%clk 1:14:29]} 11. Kh1 {[%clk 1:25:41]}
Rc8 {[%clk 1:04:30]} 12. f4 {[%clk 1:20:49]} Nb4 {[%clk 1:01:24]} 13. Nd2 {[%clk
1:02:58]} Rc5 {[%clk 0:50:03]} 14. Bd3 {[%clk 0:55:29]} Nxd3 {[%clk 0:32:14]} 15.
cxd3 {[%clk 0:55:52]} Ng4 {[%clk 0:31:31]} 16. f5 {[%clk 0:44:44]} gxf5 {[%clk
0:31:38]} 17. h3 {[%clk 0:44:30]} Nf6 {[%clk 0:18:07]} 18. Be3 {[%clk 0:37:03]}
Rc8 {[%clk 0:17:26]} 19. exf5 {[%clk 0:36:42]} Bd5 {[%clk 0:16:22]} 20. Nde4
{[%clk 0:30:26]} Bc6 {[%clk 0:11:20]} 21. Bd4 {[%clk 0:23:59]} Kh8 {[%clk
0:09:00]} 22. Rf4 {[%clk 0:16:11]} e5 {[%clk 0:07:19]} 23. fxe6 {[%clk 0:16:33]}
fxe6 {[%clk 0:07:24]} 24. Bxf6 {[%clk 0:14:21]} Bxf6 {[%clk 0:07:37]} 25. Qh5
{[%clk 0:12:50]} Bxc3 {[%clk 0:05:35]} 26. Ng5 {[%clk 0:06:49]} Qxg5 {[%clk
0:04:26]} 27. Rxf8+ {[%clk 0:05:53]} Rxf8 {[%clk 0:04:49]} 28. Qxg5 {[%clk
0:06:19]} Rg8 {[%clk 0:05:02]} 29. Qxg8+ {[%clk 0:06:26]} Kxg8 {[%clk 0:05:32]}
30. bxc3 {[%clk 0:06:49]} Kf7 {[%clk 0:05:12]} 31. Kg1 {[%clk 0:06:07]} Kf6
{[%clk 0:05:27]} 32. Kf2 {[%clk 0:06:02]} Ke5 {[%clk 0:05:46]} 33. g3 {[%clk
0:06:08]} Kd5 {[%clk 0:05:49]} 34. Ke3 {[%clk 0:05:12]} Kc5 {[%clk 0:06:05]} 35.
g4 {[%clk 0:04:56]} e5 {[%clk 0:05:48]} 36. g5 {[%clk 0:02:26]} Kd5 {[%clk
0:03:25]} 37. h4 {[%clk 0:01:17]} Ke6 {[%clk 0:03:47]} 38. Rf1 {[%clk 0:01:05]}
Bxa4 {[%clk 0:04:05]} 39. Rf6+ {[%clk 0:01:19]} Ke7 {[%clk 0:04:30]} 40. Rh6
{[%clk 0:30:30]} Bc6 {[%clk 0:34:02]} 41. Rxh7+ {[%clk 0:29:19]} Kf8 {[%clk
0:34:01]} 42. h5 {[%clk 0:25:01]} Kg8 {[%clk 0:33:13]} 43. g6 {[%clk 0:24:51]} a4
{[%clk 0:33:03]} 44. h6 {[%clk 0:24:25]} a3 {[%clk 0:32:52]} 45. Rg7+ {[%clk
0:24:06]} Kf8 {[%clk 0:32:40]} 46. Rf7+ {[%clk 0:23:56]} Kg8 {[%clk 0:32:37]} 47.
h7+ {[%clk 0:23:35]} 1-0

[Event "Irena Warakomska Memorial B"]
[Site "Suwalki"]
[Date "2020.08.08"]
[Round "3"]
[White "Kitewski, Bartosz"]
[Black "Wierzbicki, Michal"]
[Result "1-0"]
[Board "4"]
[WhiteElo "1718"]
[WhiteCountry "POL"]
[WhiteFideId "21854491"]
[WhiteEloChange "14"]
[BlackElo "1849"]
[BlackCountry "POL"]
[BlackFideId "1185152"]
[BlackEloChange "-14"]

1. d4 {[%clk 1:30:56]} Nf6 {[%clk 1:30:53]} 2. c4 {[%clk 1:31:18]} e6 {[%clk
1:31:20]} 3. Nc3 {[%clk 1:31:23]} Bb4 {[%clk 1:30:28]} 4. Nf3 {[%clk 1:29:34]} b6
{[%clk 1:26:57]} 5. e3 {[%clk 1:26:28]} Bb7 {[%clk 1:24:29]} 6. Bd3 {[%clk
1:26:21]} Bxc3+ {[%clk 1:18:22]} 7. bxc3 {[%clk 1:26:34]} d6 {[%clk 1:18:44]} 8.
O-O {[%clk 1:26:24]} Nbd7 {[%clk 1:19:02]} 9. Re1 {[%clk 1:22:57]} Ne4 {[%clk
1:11:37]} 10. Qc2 {[%clk 1:20:07]} f5 {[%clk 1:07:50]} 11. Nd2 {[%clk 1:16:08]}
Ndf6 {[%clk 1:00:15]} 12. f3 {[%clk 1:11:57]} Nxd2 {[%clk 1:00:16]} 13. Bxd2
{[%clk 1:11:44]} O-O {[%clk 0:59:28]} 14. c5 {[%clk 0:53:55]} dxc5 {[%clk
0:50:14]} 15. dxc5 {[%clk 0:52:50]} bxc5 {[%clk 0:49:42]} 16. Bc1 {[%clk
0:49:59]} Qe7 {[%clk 0:30:24]} 17. Ba3 {[%clk 0:48:53]} Rfd8 {[%clk 0:28:26]} 18.
Rab1 {[%clk 0:47:02]} Bc6 {[%clk 0:25:35]} 19. Bb5 {[%clk 0:39:42]} Bxb5 {[%clk
0:12:17]} 20. Rxb5 {[%clk 0:39:57]} Qd7 {[%clk 0:11:47]} 21. Rxc5 {[%clk
0:25:09]} Rab8 {[%clk 0:05:33]} 22. Re2 {[%clk 0:11:24]} h5 {[%clk 0:02:32]} 23.
Bb4 {[%clk 0:09:34]} Rb7 {[%clk 0:00:35]} 24. Rc4 {[%clk 0:06:32]} Qd1+ {[%clk
0:00:46]} 25. Kf2 {[%clk 0:05:25]} Qxc2 {[%clk 0:00:33]} 26. Rxc2 {[%clk
0:05:50]} Kf7 {[%clk 0:00:53]} 27. Ke2 {[%clk 0:04:02]} Rd5 {[%clk 0:00:32]} 28.
Rc6 {[%clk 0:02:08]} Rd7 {[%clk 0:00:31]} 29. a3 {[%clk 0:02:23]} Rb6 {[%clk
0:00:38]} 30. Rc5 {[%clk 0:01:50]} Ne8 {[%clk 0:00:36]} 31. Rd2 {[%clk 0:01:47]}
Rbd6 {[%clk 0:00:31]} 32. Rd4 {[%clk 0:01:36]} Rxd4 {[%clk 0:00:29]} 33. cxd4
{[%clk 0:01:52]} Rd5 {[%clk 0:00:32]} 34. Rc6 {[%clk 0:01:38]} Rb5 {[%clk
0:00:35]} 35. Kd3 {[%clk 0:02:02]} Rb6 {[%clk 0:00:47]} 36. Rc5 {[%clk 0:01:55]}
Rb7 {[%clk 0:00:55]} 37. Kc3 {[%clk 0:01:43]} Nd6 {[%clk 0:00:45]} 38. Kb3 {[%clk
0:01:45]} Ke8 {[%clk 0:00:32]} 39. Kc3 {[%clk 0:00:58]} Kd7 {[%clk 0:00:37]} 40.
Kd3 {[%clk 0:30:47]} Rb5 {[%clk 0:30:01]} 41. Rxb5 {[%clk 0:29:00]} Nxb5 {[%clk
0:29:58]} 42. Kc4 {[%clk 0:28:45]} Kc6 {[%clk 0:29:27]} 43. Bc5 {[%clk 0:26:18]}
a6 {[%clk 0:25:34]} 44. Kb4 {[%clk 0:24:35]} Nd6 {[%clk 0:20:54]} 45. a4 {[%clk
0:21:20]} g6 {[%clk 0:06:18]} 46. h4 {[%clk 0:19:21]} Nb7 {[%clk 0:01:38]} 47.
Kc4 {[%clk 0:16:47]} Na5+ {[%clk 0:01:05]} 48. Kb4 {[%clk 0:13:47]} Nb7 {[%clk
0:01:02]} 49. e4 {[%clk 0:10:51]} fxe4 {[%clk 0:00:06]} 50. fxe4 {[%clk 0:11:17]}
Kd7 {[%clk 0:00:31]} 51. Bf8 {[%clk 0:09:19]} Kc6 {[%clk 0:00:38]} 52. Bc5 {[%clk
0:09:07]} Kd7 {[%clk 0:00:37]} 53. Kc4 {[%clk 0:09:28]} Na5+ {[%clk 0:01:00]} 54.
Kc3 {[%clk 0:09:46]} Nb7 {[%clk 0:00:39]} 55. Bb4 {[%clk 0:10:00]} Kc6 {[%clk
0:00:32]} 56. Kc4 {[%clk 0:09:22]} Nd6+ {[%clk 0:00:33]} 57. Kd3 {[%clk 0:08:29]}
Nf7 {[%clk 0:00:32]} 58. Ke3 {[%clk 0:05:25]} Kd7 {[%clk 0:00:45]} 59. Kf4 {[%clk
0:05:23]} c6 {[%clk 0:00:32]} 60. Ke3 {[%clk 0:05:04]} Kc7 {[%clk 0:00:42]} 61.
Kd3 {[%clk 0:05:01]} Kb6 {[%clk 0:00:33]} 62. Kc4 {[%clk 0:04:56]} Nd8 {[%clk
0:00:35]} 63. d5 {[%clk 0:03:00]} cxd5+ {[%clk 0:00:33]} 64. exd5 {[%clk
0:02:57]} Kb7 {[%clk 0:00:33]} 65. Be7 {[%clk 0:02:39]} exd5+ {[%clk 0:00:55]}
66. Kxd5 {[%clk 0:03:05]} Nc6 {[%clk 0:01:18]} 67. Bc5 {[%clk 0:03:28]} Na5
{[%clk 0:00:32]} 68. Ke6 {[%clk 0:03:44]} Kc6 {[%clk 0:00:38]} 69. Bf2 {[%clk
0:03:46]} Nc4 {[%clk 0:00:36]} 70. Kf6 {[%clk 0:04:02]} Nd6 {[%clk 0:00:32]} 71.
Kxg6 {[%clk 0:04:15]} Ne4 {[%clk 0:00:53]} 72. Be1 {[%clk 0:04:29]} Kd5 {[%clk
0:01:15]} 73. Kxh5 {[%clk 0:04:47]} Ke6 {[%clk 0:01:33]} 74. g4 {[%clk 0:04:41]}
Nf6+ {[%clk 0:01:38]} 75. Kg5 {[%clk 0:05:06]} Kf7 {[%clk 0:02:01]} 76. h5 {[%clk
0:05:25]} Nh7+ {[%clk 0:02:22]} 77. Kf5 {[%clk 0:05:42]} Nf6 {[%clk 0:02:45]} 78.
h6 {[%clk 0:05:49]} Nh7 {[%clk 0:02:53]} 79. g5 {[%clk 0:06:00]} Kg8 {[%clk
0:03:20]} 80. Bb4 {[%clk 0:06:22]} Kh8 {[%clk 0:03:15]} 81. g6 {[%clk 0:06:41]}
a5 {[%clk 0:03:11]} 82. Bc5 {[%clk 0:06:57]} Kg8 {[%clk 0:03:27]} 83. gxh7+
{[%clk 0:07:21]} Kh8 {[%clk 0:03:46]} 84. Bd4+ {[%clk 0:07:40]} Kxh7 {[%clk
0:04:13]} 85. Kg5 {[%clk 0:08:05]} 1-0

[Event "Irena Warakomska Memorial B"]
[Site "Suwalki"]
[Date "2020.08.08"]
[Round "3"]
[White "Kaminski, Maciej"]
[Black "Kotarski, Bartosz"]
[Result "1-0"]
[Board "5"]
[WhiteElo "1840"]
[WhiteCountry "POL"]
[WhiteFideId "1175521"]
[WhiteEloChange "7"]
[BlackElo "1742"]
[BlackCountry "POL"]
[BlackFideId "1159267"]
[BlackEloChange "-7"]

1. d4 {[%clk 1:30:56]} Nf6 {[%clk 1:30:39]} 2. c4 {[%clk 1:31:17]} g6 {[%clk
1:31:03]} 3. Nc3 {[%clk 1:31:42]} d5 {[%clk 1:31:29]} 4. cxd5 {[%clk 1:32:07]}
Nxd5 {[%clk 1:31:54]} 5. e4 {[%clk 1:32:32]} Nxc3 {[%clk 1:32:19]} 6. bxc3 {[%clk
1:32:58]} Bg7 {[%clk 1:32:43]} 7. Nf3 {[%clk 1:33:23]} c5 {[%clk 1:33:08]} 8. Rb1
{[%clk 1:33:47]} O-O {[%clk 1:27:33]} 9. Be2 {[%clk 1:33:42]} Nc6 {[%clk
1:27:17]} 10. d5 {[%clk 1:33:59]} Ne5 {[%clk 1:21:40]} 11. Nxe5 {[%clk 1:34:18]}
Bxe5 {[%clk 1:22:09]} 12. Qd2 {[%clk 1:34:36]} Qa5 {[%clk 1:09:47]} 13. Rb3
{[%clk 1:27:59]} Bd7 {[%clk 0:56:16]} 14. f4 {[%clk 1:19:30]} Bg7 {[%clk
0:53:40]} 15. c4 {[%clk 1:04:52]} Qc7 {[%clk 0:50:38]} 16. Bb2 {[%clk 1:00:46]}
Bxb2 {[%clk 0:41:06]} 17. Rxb2 {[%clk 1:00:47]} f5 {[%clk 0:41:30]} 18. e5 {[%clk
1:00:38]} Rfd8 {[%clk 0:40:23]} 19. Bf3 {[%clk 0:39:36]} Rab8 {[%clk 0:39:07]}
20. O-O {[%clk 0:32:54]} b5 {[%clk 0:17:17]} 21. d6 {[%clk 0:23:15]} exd6 {[%clk
0:17:46]} 22. Bd5+ {[%clk 0:23:10]} Be6 {[%clk 0:07:45]} 23. Bxe6+ {[%clk
0:22:57]} Kf8 {[%clk 0:08:14]} 24. exd6 {[%clk 0:16:26]} Rxd6 {[%clk 0:08:35]}
25. Bd5 {[%clk 0:16:48]} b4 {[%clk 0:07:00]} 26. Re1 {[%clk 0:14:47]} Rdd8 {[%clk
0:06:14]} 27. Qf2 {[%clk 0:13:34]} Re8 {[%clk 0:05:34]} 28. Rbe2 {[%clk 0:13:00]}
a5 {[%clk 0:03:50]} 29. Qh4 {[%clk 0:12:03]} Qg7 {[%clk 0:03:34]} 30. Re5 {[%clk
0:07:16]} a4 {[%clk 0:02:36]} 31. Qf2 {[%clk 0:06:40]} Rxe5 {[%clk 0:02:28]} 32.
fxe5 {[%clk 0:06:23]} Qe7 {[%clk 0:02:44]} 33. e6 {[%clk 0:05:20]} b3 {[%clk
0:02:14]} 34. Qf4 {[%clk 0:04:15]} Rb6 {[%clk 0:02:26]} 35. axb3 {[%clk 0:03:57]}
axb3 {[%clk 0:02:45]} 36. Qe5 {[%clk 0:03:46]} Kg8 {[%clk 0:01:22]} 37. Qc7
{[%clk 0:02:52]} Qxc7 {[%clk 0:00:54]} 38. e7+ {[%clk 0:03:19]} Kh8 {[%clk
0:01:05]} 39. e8=Q+ {[%clk 0:03:25]} Kg7 {[%clk 0:01:31]} 40. Re7+ {[%clk
0:32:36]} Kh6 {[%clk 0:31:16]} 41. Rxc7 {[%clk 0:30:28]} b2 {[%clk 0:31:05]} 42.
Qe3+ {[%clk 0:30:09]} f4 {[%clk 0:30:14]} 43. Qxf4+ {[%clk 0:29:44]} g5 {[%clk
0:30:08]} 44. Qf8+ {[%clk 0:29:09]} 1-0

[Event "Irena Warakomska Memorial B"]
[Site "Suwalki"]
[Date "2020.08.08"]
[Round "3"]
[White "Kiolbasa, Damian"]
[Black "Wasik, Jozef"]
[Result "1-0"]
[Board "7"]
[WhiteElo "1973"]
[WhiteCountry "POL"]
[WhiteFideId "1146688"]
[WhiteEloChange "3"]
[BlackElo "1646"]
[BlackCountry "POL"]
[BlackFideId "1119982"]
[BlackEloChange "-3"]

1. e4 {[%clk 1:30:56]} c5 {[%clk 1:30:32]} 2. Nc3 {[%clk 1:31:21]} e6 {[%clk
1:30:01]} 3. d4 {[%clk 1:31:18]} cxd4 {[%clk 1:29:57]} 4. Qxd4 {[%clk 1:31:45]}
Nc6 {[%clk 1:29:55]} 5. Qd3 {[%clk 1:32:12]} d6 {[%clk 1:27:41]} 6. f4 {[%clk
1:32:18]} Nf6 {[%clk 1:27:31]} 7. Be2 {[%clk 1:31:59]} Be7 {[%clk 1:27:15]} 8.
Be3 {[%clk 1:32:20]} a6 {[%clk 1:25:37]} 9. Bf3 {[%clk 1:29:41]} Qc7 {[%clk
1:22:01]} 10. Nge2 {[%clk 1:22:43]} b5 {[%clk 1:17:56]} 11. Nd4 {[%clk 1:22:55]}
Nxd4 {[%clk 1:15:49]} 12. Bxd4 {[%clk 1:23:03]} e5 {[%clk 1:12:27]} 13. Be3
{[%clk 1:22:31]} Be6 {[%clk 1:05:38]} 14. f5 {[%clk 1:21:49]} Bc4 {[%clk
1:05:16]} 15. Qd2 {[%clk 1:22:17]} Rc8 {[%clk 1:04:27]} 16. Rc1 {[%clk 1:08:53]}
O-O {[%clk 0:59:10]} 17. b3 {[%clk 1:02:31]} b4 {[%clk 0:50:35]} 18. Na4 {[%clk
1:00:18]} Bb5 {[%clk 0:47:19]} 19. Nb6 {[%clk 1:00:45]} Rb8 {[%clk 0:45:32]} 20.
c4 {[%clk 1:01:13]} bxc3 {[%clk 0:42:21]} 21. Rxc3 {[%clk 1:01:34]} Qb7 {[%clk
0:41:54]} 22. Qc2 {[%clk 1:00:07]} d5 {[%clk 0:40:50]} 23. Rc7 {[%clk 1:00:22]}
Bb4+ {[%clk 0:40:56]} 24. Kf2 {[%clk 0:59:49]} d4 {[%clk 0:38:39]} 25. Rxb7
{[%clk 0:59:59]} dxe3+ {[%clk 0:38:45]} 26. Kxe3 {[%clk 0:59:30]} Rxb7 {[%clk
0:38:47]} 27. Nc4 {[%clk 0:59:50]} Bc5+ {[%clk 0:38:26]} 28. Ke2 {[%clk 0:59:48]}
a5 {[%clk 0:34:33]} 29. Rd1 {[%clk 0:58:44]} Rc7 {[%clk 0:34:07]} 30. a4 {[%clk
0:57:03]} Ba6 {[%clk 0:34:09]} 31. Kf1 {[%clk 0:57:31]} Rfc8 {[%clk 0:32:36]} 32.
Be2 {[%clk 0:55:12]} Bd4 {[%clk 0:31:38]} 33. Qd2 {[%clk 0:49:11]} Nxe4 {[%clk
0:25:04]} 34. Qxa5 {[%clk 0:49:01]} Bb7 {[%clk 0:23:01]} 35. Nxe5 {[%clk
0:44:42]} Bc3 {[%clk 0:13:42]} 36. Qxc7 {[%clk 0:44:15]} Nd2+ {[%clk 0:13:56]}
37. Rxd2 {[%clk 0:44:15]} Bxd2 {[%clk 0:13:56]} 38. Qxb7 {[%clk 0:44:34]} Rc1+
{[%clk 0:13:56]} 39. Kf2 {[%clk 0:44:59]} 1-0

[Event "Irena Warakomska Memorial B"]
[Site "Suwalki"]
[Date "2020.08.08"]
[Round "3"]
[White "Sapeta, Robert"]
[Black "Lukasik, Zuzanna"]
[Result "0-1"]
[Board "8"]
[WhiteElo "1895"]
[WhiteCountry "POL"]
[WhiteFideId "1118676"]
[WhiteEloChange "-18"]
[BlackElo "1553"]
[BlackCountry "POL"]
[BlackFideId "21813906"]
[BlackEloChange "18"]

1. e4 {[%clk 1:30:43]} c5 {[%clk 1:30:43]} 2. c3 {[%clk 1:30:56]} d5 {[%clk
1:31:07]} 3. d3 {[%clk 1:31:00]} e6 {[%clk 1:30:54]} 4. Nd2 {[%clk 1:30:20]} Nc6
{[%clk 1:29:55]} 5. Ngf3 {[%clk 1:29:43]} Bd6 {[%clk 1:26:53]} 6. Qe2 {[%clk
1:29:05]} d4 {[%clk 1:22:55]} 7. Nc4 {[%clk 1:19:04]} b5 {[%clk 1:17:48]} 8.
Nxd6+ {[%clk 1:18:56]} Qxd6 {[%clk 1:18:05]} 9. e5 {[%clk 1:05:48]} Qc7 {[%clk
1:14:06]} 10. cxd4 {[%clk 0:43:59]} cxd4 {[%clk 1:13:25]} 11. Bd2 {[%clk
0:43:18]} Bb7 {[%clk 1:11:01]} 12. Rc1 {[%clk 0:40:23]} Qd7 {[%clk 1:10:53]} 13.
g3 {[%clk 0:38:27]} Nge7 {[%clk 1:09:52]} 14. Bg2 {[%clk 0:38:39]} h6 {[%clk
1:09:25]} 15. Rc5 {[%clk 0:36:24]} a6 {[%clk 1:05:57]} 16. O-O {[%clk 0:21:19]}
O-O {[%clk 1:01:02]} 17. Qe4 {[%clk 0:19:03]} Rfd8 {[%clk 0:53:54]} 18. Qh4
{[%clk 0:16:42]} Ng6 {[%clk 0:46:47]} 19. Qh5 {[%clk 0:13:55]} Nce7 {[%clk
0:48:29]} 20. Rfc1 {[%clk 0:06:02]} Rac8 {[%clk 0:40:52]} 21. Qg4 {[%clk
0:02:27]} Bxf3 {[%clk 0:37:09]} 22. Bxf3 {[%clk 0:05:52]} Rxc5 {[%clk 0:41:07]}
23. Rxc5 {[%clk 0:06:42]} Rc8 {[%clk 0:37:56]} 24. Rxc8+ Nxc8 {[%clk 0:38:15]}
25. Qe4 {[%clk 0:05:36]} Qc7 {[%clk 0:24:04]} 26. Qb7 {[%clk 0:03:20]} Qc2 {[%clk
0:21:53]} 27. Bc3 {[%clk 0:03:36]} Nce7 {[%clk 0:18:29]} 28. Bxd4 {[%clk
0:03:19]} Qxd3 {[%clk 0:18:25]} 29. Qe4 {[%clk 0:03:41]} Qc4 {[%clk 0:17:40]} 30.
b3 {[%clk 0:03:47]} Qc1+ {[%clk 0:15:53]} 31. Kg2 {[%clk 0:04:08]} Nd5 {[%clk
0:15:41]} 32. h4 {[%clk 0:03:33]} Qd2 {[%clk 0:14:08]} 33. h5 {[%clk 0:03:41]}
Nge7 {[%clk 0:14:06]} 34. Bc5 {[%clk 0:03:14]} Nc6 {[%clk 0:12:49]} 35. a4 {[%clk
0:02:15]} Qc3 {[%clk 0:12:34]} 36. axb5 {[%clk 0:02:30]} axb5 {[%clk 0:12:51]}
37. Bd6 {[%clk 0:02:01]} Qxb3 {[%clk 0:08:16]} 38. Qh4 {[%clk 0:01:11]} Qc4
{[%clk 0:07:12]} 39. Qh1 {[%clk 0:00:57]} b4 {[%clk 0:06:38]} 40. Qa1 {[%clk
0:31:05]} b3 {[%clk 0:34:54]} 41. Qa8+ {[%clk 0:23:50]} Kh7 {[%clk 0:35:02]} 42.
Qe8 {[%clk 0:23:01]} b2 {[%clk 0:31:29]} 43. Qxf7 {[%clk 0:22:59]} b1=Q {[%clk
0:30:35]} 44. Bf8 {[%clk 0:22:17]} Qcf1+ {[%clk 0:27:35]} 45. Kh2 {[%clk
0:22:26]} Qxf2+ {[%clk 0:27:41]} 46. Kh3 {[%clk 0:21:43]} Qf5+ {[%clk 0:27:33]}
0-1